000 00495nam a22001697a 4500
005 20251108170519.0
008 250721s1994 xx 000 0 ara d
082 1 4 _a366.1/سام
100 1 _aالسامرائي، نعمان عبد الرزاق
245 1 0 _aالماسونية و اليهود و التوراة /
264 1 _aلندن :
_bدار الحكمة،
_c1994.
300 _a166ص
650 1 7 _aالماسونية
650 1 7 _aاليهود
942 _2ddc
_cBK
999 _c42329
_d42329